Design of small fishing vessels
Saved in:
| Main Author: | |
|---|---|
| Corporate Author: | |
| Format: | Book |
| Language: | English |
| Published: |
Farnham
Fishing News Books
1985
|
| Subjects: | |
| Tags: |
Add Tag
No Tags, Be the first to tag this record!
|
MARC
| LEADER | 00000nam a2200000 a 4500 | ||
|---|---|---|---|
| 001 | UCV4921 | ||
| 003 | CL-VaPUC | ||
| 008 | 901122e19850000UK |||||||||||||||||eng|d | ||
| 082 | 0 | 4 | |a 623.828 |b FYS |2 21 |
| 100 | 0 | |a Fyson, John |e author |9 299110 | |
| 110 | 2 | |a FAO |e author |9 299111 | |
| 245 | 1 | 0 | |a Design of small fishing vessels |
| 300 | |a 320 p | ||
| 942 | |c BK | ||
| 945 | |d 19901122 00:00:00 | ||
| 260 | |a Farnham |b Fishing News Books |c 1985 | ||
| 650 | 7 | |a BARCOS PESQUEROS DISEÑO Y CONSTRUCCION |2 CL-VaPUC |9 261296 | |
| 583 | |a last modification |c 19901122 00:00:00 |k Rodrigo Vera | ||
| 999 | |c 211549 |d 211547 | ||
| 952 | |0 0 |1 0 |2 ddc |4 0 |6 623_828000000000000_FYS_1985 |7 0 |8 A |9 191150 |a BIBCUR |b BIBCUR |d 2019-11-14 |i 2587726 |o 623.828 FYS 1985 |p 2587726 |r 2025-04-22 |w 2019-11-14 |y BK |k CIM | ||
| 952 | |0 0 |1 0 |2 ddc |4 0 |6 623_828000000000000_FYS_1985 |7 0 |8 CCM |9 191151 |a BIBCUR |b BIBCUR |d 2019-11-14 |i 2587734 |o 623.828 FYS 1985 |p 2587734 |r 2025-04-22 |w 2019-11-14 |y BK |k CIM | ||
| 952 | |0 0 |1 0 |2 ddc |4 0 |6 623_828000000000000_FYS_1985 |7 0 |8 CCM |9 191152 |a BIBCUR |b BIBCUR |d 2019-11-14 |i 2587742 |o 623.828 FYS 1985 |p 2587742 |r 2025-04-22 |w 2019-11-14 |y BK |k CIM | ||